000 00307nam a2200109 4500
008 180208b xxu||||| |||| 00| 0 eng d
245 _aYoung Leyte dancers in ASEAN children's festival.
260 _aPhilippines:
_bManila Bulletin,
_cc2016.
300 _apage 15.
650 0 _926275
_aDance.
942 _2ddc
_cPER
999 _c8506
_d8506